UGC Net/set:Management (Record no. 114877)

MARC details
000 -LEADER
fixed length control field 00468nam a2200169Ia 4500
003 - CONTROL NUMBER IDENTIFIER
control field OSt
005 - DATE AND TIME OF LATEST TRANSACTION
control field 20221003092428.0
008 - FIXED-LENGTH DATA ELEMENTS--GENERAL INFORMATION
fixed length control field 211119s9999||||xx |||||||||||||| ||und||
020 ## - INTERNATIONAL STANDARD BOOK NUMBER
International Standard Book Number 978189301160
040 ## - CATALOGING SOURCE
Transcribing agency SBCL
082 ## - DEWEY DECIMAL CLASSIFICATION NUMBER
Classification number 658
Item number SHI-U
100 ## - MAIN ENTRY--PERSONAL NAME
Personal name Shivani, M
245 #0 - TITLE STATEMENT
Title UGC Net/set:Management
260 ## - PUBLICATION, DISTRIBUTION, ETC.
Name of publisher, distributor, etc. Danika Publishing
Place of publication, distribution, etc. 2013
Date of publication, distribution, etc. New Delhi
650 ## - SUBJECT ADDED ENTRY--TOPICAL TERM
Topical term or geographic name entry element Technology
942 ## - ADDED ENTRY ELEMENTS (KOHA)
Koha item type BOOK
650 ## - SUBJECT ADDED ENTRY--TOPICAL TERM
Form subdivision General ManagementManagement
General subdivision Post Graduate Reference
Source of heading or term UGC MANAGEMENT
Holdings
Withdrawn status Lost status Source of classification or shelving scheme Damaged status Not for loan Home library Current library Date acquired Cost, normal purchase price Total Checkouts Full call number Barcode Shelving location Date last seen Copy number Price effective from Koha item type Public note
    Dewey Decimal Classification     SB LIBRARY SB LIBRARY 03/10/2022 475.00   658 SHI-M 00128336 PGR-UGC COLLECTION 03/10/2022 1 03/10/2022 BOOK UGC MANAGEMENT
    Dewey Decimal Classification     SB LIBRARY SB LIBRARY 03/10/2022 475.00   658 SHI-M 00128337 PGR-UGC COLLECTION 03/10/2022 2 03/10/2022 BOOK UGC MANAGEMENT
    Dewey Decimal Classification     SB LIBRARY SB LIBRARY 04/10/2022 475.00   658 SHI-M 00128339 PGR-UGC COLLECTION 04/10/2022 3 04/10/2022 BOOK UGC MANAGEMENT
    Dewey Decimal Classification     SB LIBRARY SB LIBRARY 04/10/2022 475.00   658 SHI-M 00128338 PGR-UGC COLLECTION 04/10/2022 4 04/10/2022 BOOK UGC MANAGEMENT

Powered by Koha